Fr. Conceicao Rodrigues College of Engineering

Applications programming for Windows N.T. (Record no. 35100)

MARC details
000 -LEADER
fixed length control field 00332nam a2200133Ia 4500
100 ## - MAIN ENTRY--PERSONAL NAME
Personal name Pappas/C.H/ Murray/W.H
245 ## - TITLE STATEMENT
Title Applications programming for Windows N.T.
260 ## - PUBLICATION, DISTRIBUTION, ETC.
Name of publisher, distributor, etc. Osborne Mc graw Hill
Place of publication, distribution, etc. Barkeley
Date of publication, distribution, etc. 1993
300 ## - PHYSICAL DESCRIPTION
Extent 680
546 ## - LANGUAGE NOTE
Language note ENGLISH
654 ## - SUBJECT ADDED ENTRY--FACETED TOPICAL TERMS
Focus term programming for windows NT.
942 ## - ADDED ENTRY ELEMENTS (KOHA)
Koha item type Reference Book
Holdings
Withdrawn status Lost status Damaged status Not for loan Collection Home library Current library Shelving location Date acquired Cost, normal purchase price Total Checkouts Full call number Barcode Date last seen Cost, replacement price Price effective from Koha item type
        CRC Fr. Agnel's C.Rodrigues College of Engineering Fr. Agnel's C.Rodrigues College of Engineering   17/03/2023 863.00   5725 17/03/2023 863.00 17/03/2023 Reference Book